The Microstructure of natural rubber latex films (Record no. 70860)

MARC details
000 -LEADER
fixed length control field 00406nam a2200157Ia 4500
100 ## - MAIN ENTRY--AUTHOR NAME
Personal name Cook S
245 #4 - TITLE STATEMENT
Title The Microstructure of natural rubber latex films
260 ## - PUBLICATION, DISTRIBUTION, ETC. (IMPRINT)
Name of publisher Rubber Chemistry and Technology
Year of publication 1997
300 ## - PHYSICAL DESCRIPTION
Number of Pages 549-559
650 ## - SUBJECT ADDED ENTRY--TOPICAL TERM
Topical Term NR latex films
700 ## - ADDED ENTRY--PERSONAL NAME
Personal name Cudby P E F
700 ## - ADDED ENTRY--PERSONAL NAME
Personal name Davies R T
700 ## - ADDED ENTRY--PERSONAL NAME
Personal name Morris M D
942 ## - ADDED ENTRY ELEMENTS (KOHA)
Koha item type Journals
Holdings
Withdrawn status Lost status Damaged status Not for loan Home library Current library Shelving location Date acquired Serial Enumeration / chronology Koha item type
      Journals RRII Library RRII Library Rubber chemistry 01/01/2021 Volume 70, Issue 4 Journals